Deutschland nach Buchstabe - H - Statistiken

Allgemein
  • Dieses Quiz wurde 137 mal gespielt
  • Das Durchschnittsergebnis liegt bei 11 aus 15
Antwortstatistiken
Frage Antwort % Korrekt
Wie heißt die zweitgrößte Stadt Deutschlands? Hamburg
99%
Wie heißt die niedersächsische Landeshauptstadt? Hannover
98%
In welchem Bundesland liegen Gießen, Darmstadt und Hanau? Hessen
97%
Zu welcher Handelsgemeinschaft gehörten Bremen, Lübeck oder Stralsund? Hanse
93%
Wie heißt der meist wichtigste Bahnhof einer Stadt? Hauptbahnhof
93%
Die größten Anlagen welcher Art findet man in Hamburg und Bremerhaven? Hafen
89%
In welcher Stadt befindet sich die älteste Universität Deutschlands, mit durchgehendem Lehrbetrieb? Heidelberg
86%
Wie heißt ein Mittelgebirge zwischen Niedersachsen, Sachsen-Anhalt und Thüringen? Harz
84%
Wie heißt sowohl eine große Stadt in Sachsen-Anhalt, als auch eine kleinere in Westfalen? Halle
78%
Wie heißt Deutschlands einzige Hochseeinsel? Helgoland
77%
Nach welchem deutschen Forschungsreisendem und dessen Bruder wurden u.a. ein Pinguin und ein Strom benannt? Humboldt
60%
Welches Gebirge liegt "gegenüber" der Eifel, südlich der Mosel? Hunsrück
51%
Welche Volksversammlung 1832 galt neben dem Wartburgfest als Höhepunkt bürgerlicher Opposition? Hambacher Fest
34%
Bis 1945 bestand das heutige Baden-Württemberg aus Baden, Württemberg und ... ? Hohenzollern
34%
Wie heißt das bekannte Volksfest in Hamburg, welches auf dem Heiligengeistfeld ausgerichtet wird? Hamburger Dom
32%
Keine übereinstimmenden Quizze gefunden
Verteilung der Resultate
Anzahl Personen mit jedem Resultat
Perzentil nach korrekt beantworteten Fragen
Ihre Resultats-Entwicklung
Sie haben dieses Quiz noch nicht gespielt